LEADER 02404oam 2200721I 450 001 9910451551503321 005 20200520144314.0 010 $a0-415-19694-9 010 $a1-280-32991-2 010 $a0-203-05062-2 010 $a1-134-64278-4 024 7 $a10.4324/9780203050620 035 $a(CKB)1000000000442844 035 $a(SSID)ssj0000283881 035 $a(PQKBManifestationID)11222560 035 $a(PQKBTitleCode)TC0000283881 035 $a(PQKBWorkID)10249327 035 $a(PQKB)11717109 035 $a(MiAaPQ)EBC169441 035 $a(Au-PeEL)EBL169441 035 $a(CaPaEBR)ebr10054827 035 $a(CaONFJC)MIL32991 035 $a(OCoLC)437078316 035 $a(OCoLC)50493565 035 $a(EXLCZ)991000000000442844 100 $a20180331d1999 uy 0 101 0 $aeng 135 $aurcn||||||||| 181 $ctxt 182 $cc 183 $acr 200 14$aThe sage in Jewish society of late antiquity /$fRichard Kalmin 210 1$aNew York :$cRoutledge,$d1999. 215 $ax, 180 p 300 $aBibliographic Level Mode of Issuance: Monograph 311 $a0-415-19695-7 311 $a0-203-25916-5 320 $aIncludes bibliography (p. 153-164) and indexes. 327 $achapter INTRODUCTION -- part Part I HISTORICAL STUDIES -- chapter 1 NON-RABBINIC JEWS -- chapter 2 GENEALOGY -- chapter 3 HASMONEAN ROYALTY -- chapter 4 BIBLE-READING NON-JEWS AND HERETICS -- chapter 5 RAINMAKING -- part Part II EXEGETICAL STUDIES -- chapter 6 KING DAVID -- chapter 7 MOSES -- chapter 8 AHITOFEL. 606 $aJudaism$xHistory$yTalmudic period, 10-425 606 $aTannaim 606 $aAmoraim 606 $aRabbis$xOffice$zPalestine 606 $aRabbis$xOffice$zIraq$zBabylonia 606 $aJews$zPalestine$xSocial conditions 606 $aJews$zIraq$zBabylonia$xSocial conditions 608 $aElectronic books. 615 0$aJudaism$xHistory 615 0$aTannaim. 615 0$aAmoraim. 615 0$aRabbis$xOffice 615 0$aRabbis$xOffice 615 0$aJews$xSocial conditions. 615 0$aJews$xSocial conditions. 676 $a296.6/1/09 700 $aKalmin$b Richard Lee.$0887412 801 0$bMiAaPQ 801 1$bMiAaPQ 801 2$bMiAaPQ 906 $aBOOK 912 $a9910451551503321 996 $aThe sage in Jewish society of late antiquity$91982484 997 $aUNINA LEADER 01357nas 2200445-a 450 001 996199390803316 005 20230227213019.0 011 $a1558-8033 035 $a(OCoLC)44600691 035 $a(CKB)963018236053 035 $a(CONSER)--2005216359 035 $a(EXLCZ)99963018236053 100 $a20000717a19899999 s-- a 101 0 $aeng 135 $auran||||||||| 181 $ctxt$2rdacontent 182 $cc$2rdamedia 183 $acr$2rdacarrier 200 10$aJournal of management accounting research 210 $aSarasota, FL $cManagement Accounting Section of the American Accounting Association 300 $aRefereed/Peer-reviewed 311 $a1049-2127 517 1 $aJMAR 606 $aManagerial accounting$vPeriodicals 606 $aCost accounting$vPeriodicals 606 $aCost accounting$2fast$3(OCoLC)fst00880661 606 $aManagerial accounting$2fast$3(OCoLC)fst01007320 606 $aManagement accounting$2gtt 608 $aPeriodicals.$2fast 610 $aAccounting 615 0$aManagerial accounting 615 0$aCost accounting 615 7$aCost accounting. 615 7$aManagerial accounting. 615 17$aManagement accounting. 676 $a658 906 $aJOURNAL 912 $a996199390803316 996 $aJournal of management accounting research$92418436 997 $aUNISA LEADER 03233oam 2200613zu 450 001 9910131788403321 005 20210807004835.0 010 $a9782753526853 010 $a2753526850 010 $a9782821818033 010 $a2821818033 024 7 $a10.4000/books.pur.1662 035 $a(CKB)3460000000122249 035 $a(SSID)ssj0001306730 035 $a(PQKBManifestationID)12436716 035 $a(PQKBTitleCode)TC0001306730 035 $a(PQKBWorkID)11282352 035 $a(PQKB)11469555 035 $z(PPN)182826716 035 $a(FrMaCLE)OB-pur-1662 035 $a(oapen)https://directory.doabooks.org/handle/20.500.12854/42882 035 $a(PPN)267953623 035 $a(FR-PaCSA)88927307 035 $a(FRCYB88927307)88927307 035 $a(oapen)doab42882 035 $a(EXLCZ)993460000000122249 100 $a20160829d1995 uy 101 0 $afre 135 $auu||||||m|||| 181 $ctxt 182 $cc 183 $acr 200 10$aCent Ans D'aller Au Cinéma: Le Spectacle Cinématographique Aux Etats-Unis, 1896-1995 210 $cPresses universitaires de Rennes$d1995 210 31$a[Place of publication not identified]$cPresses universitaires de Rennes$d1995 215 $a1 online resource (214 p.) 300 $aBibliographic Level Mode of Issuance: Monograph 311 08$a9782868471642 311 08$a2868471641 330 $aAux Etats-Unis plus manifestement encore qu?en Europe, « aller au cinéma » a recouvert des réalités extraordinairement diverses. « Aller au cinéma », en 1902, dans un Hale?s Tours and Scenes of the World n?a rien à voir avec « aller au cinéma » dans un nickelodeon de 1908 ou dans un picture palace de 1925. « Aller au cinéma » dans les années de la Dépression, quand se généralisent les doubles programmes, les primes de fidélité et les loteries, et quand les chômeurs viennent dormir, sinon rêver, aux interminables séances des cinémas de quartier, est sans rapport avec « aller au cinéma » dans un drive in des années cinquante. Les grands écrans et autres technologies des années cinquante, ajoutés aux mutations du public de l?après-guerre, transforment en profondeur l?expérience cinématographique, autant qu?aujourd?hui l?explosion des nouveaux médias de l?image. Et beaucoup de caractères du cinéma hollywoodien restent inexplicables dans l?ignorance des conditions de son exploitation. Les auteurs de cet ouvrage, économistes, sociologues, historiens du cinéma, américanistes ou critiques, s?attachent, selon leur discipline propre, à faire valoir cette diversité, et à décrire et analyser ce secteur de l?industrie cinématographique encore trop délaissé par la recherche. 606 $aMusic, Dance, Drama & Film$2HILCC 606 $aFilm$2HILCC 610 $aHollywood 610 $acinéma 615 7$aMusic, Dance, Drama & Film 615 7$aFilm 676 $a791.43/0973 700 $aBordat$b F$0981168 702 $aEtcheverry$b Michel 801 0$bPQKB 906 $aBOOK 912 $a9910131788403321 996 $aCent Ans D'aller Au Cinéma: Le Spectacle Cinématographique Aux Etats-Unis, 1896-1995$92239461 997 $aUNINA